000 00751nam a22002297a 4500
003 UA-OsUOA
001 22204
007 ta
008 20031217b un ||||| |||| 00| 0 ukr d
100 _aПшик Б.І.
090 _a336.71
_bП93
942 _cSA
040 _aUA-OsUOA
_bukr
_cUA-OsUOA
_dUA-OsUOA
245 _aПроблеми інвестиційної підтримки підприємницьного сектора економіки малими та середніми банками регіону
300 _aС.147-155
955 _a0
041 _aukr
080 _a336.71
044 _aUA
773 0 _w0
_tРегіональна економіка
_dЛьвів
_d2003
_g№3
650 7 _aБанківська справа
_2UDC
999 _c308419
_d308419